000 00212nam a22000857a 4500
008 160706b xxu||||| |||| 00| 0 eng d
100 _92363
_a Doyle, S.A
245 _aSherlock Holmes
260 _aNew Delhi
_bBook Palace
999 _c2041
_d2041